<?xml version="1.0" encoding="UTF-8"?>
<record
    xmlns:xsi="http://www.w3.org/2001/XMLSchema-instance"
    xsi:schemaLocation="http://www.loc.gov/MARC21/slim http://www.loc.gov/standards/marcxml/schema/MARC21slim.xsd"
    xmlns="http://www.loc.gov/MARC21/slim">

  <leader>01024nam a2200253 a 4500</leader>
  <controlfield tag="001">40152</controlfield>
  <controlfield tag="003">BD-RjUL</controlfield>
  <controlfield tag="005">20211209053140.0</controlfield>
  <controlfield tag="008">160423s1964    bg ||||| |||| 00| f ben d</controlfield>
  <datafield tag="020" ind1=" " ind2=" ">
    <subfield code="c">: PRs. 1.50 </subfield>
  </datafield>
  <datafield tag="035" ind1=" " ind2=" ">
    <subfield code="a">(BD-RjUL) 40267</subfield>
  </datafield>
  <datafield tag="040" ind1=" " ind2=" ">
    <subfield code="a">BD-RjUL</subfield>
    <subfield code="b">ben</subfield>
    <subfield code="c">BD-RjUL</subfield>
  </datafield>
  <datafield tag="041" ind1=" " ind2=" ">
    <subfield code="a">ben</subfield>
  </datafield>
  <datafield tag="082" ind1=" " ind2=" ">
    <subfield code="2">23</subfield>
    <subfield code="a">891.443</subfield>
    <subfield code="b">KAJ 1964</subfield>
  </datafield>
  <datafield tag="100" ind1=" " ind2=" ">
    <subfield code="a">&#x995;&#x9BE;&#x9B8;&#x9C7;&#x9AE;, &#x9AE;&#x9CB;&#x9B9;&#x9BE;&#x9AE;&#x9CD;&#x9AE;&#x9A6; &#x986;&#x9AC;&#x9C1;&#x9B2; </subfield>
    <subfield code="9">123622</subfield>
  </datafield>
  <datafield tag="245" ind1="1" ind2="0">
    <subfield code="a">&#x99C;&#x9BE;&#x9B2;&#x9BF;&#x9AF;&#x9BC;&#x9BE;&#x9A4; &#x995;&#x9AC;&#x9B2;&#x9C7; &#x9AC;&#x9BE;&#x9B9; &#x9B0;&#x9BE;&#x9AE; /</subfield>
    <subfield code="c">&#x9AE;&#x9CB;&#x9B9;&#x9BE;&#x9AE;&#x9CD;&#x9AE;&#x9A6; &#x986;&#x9AC;&#x9C1;&#x9B2; &#x995;&#x9BE;&#x9B8;&#x9C7;&#x9AE;</subfield>
  </datafield>
  <datafield tag="260" ind1=" " ind2=" ">
    <subfield code="a">&#x9A2;&#x9BE;&#x995;&#x9BE; : </subfield>
    <subfield code="b">&#x993;&#x9B8;&#x9AE;&#x9BE;&#x9A8;&#x9BF;&#x9AF;&#x9BC;&#x9BE; &#x9AC;&#x9C1;&#x995; &#x9A1;&#x9BF;&#x9AA;&#x9CB;, </subfield>
    <subfield code="c">&#x9E7;&#x9EF;&#x9EC;&#x9EA; (&#x9E7;&#x9E9;&#x9ED;&#x9E7;)</subfield>
  </datafield>
  <datafield tag="300" ind1=" " ind2=" ">
    <subfield code="a">&#x9E7;&#x9E6;&#x9EE; &#x9AA;&#x9C3;. ; </subfield>
    <subfield code="c">&#x9E7;&#x9EE; &#x9B8;&#x9C7;&#x9AE;&#x9BF;. </subfield>
  </datafield>
  <datafield tag="490" ind1=" " ind2=" ">
    <subfield code="a">&#x9A6;&#x9B8;&#x9CD;&#x9AF;&#x9C1; &#x9AC;&#x9BE;&#x9B9; &#x9B0;&#x9BE;&#x9AE; ;</subfield>
    <subfield code="v">&#x9B8;&#x9BF;&#x9B0;&#x9BF;&#x99C;-&#x9E7;&#x9E6; &#x9A8;&#x982;</subfield>
  </datafield>
  <datafield tag="650" ind1=" " ind2=" ">
    <subfield code="a">&#x9AC;&#x9BE;&#x982;&#x9B2;&#x9BE; &#x989;&#x9AA;&#x9A8;&#x9CD;&#x9AF;&#x9BE;&#x9B8; </subfield>
    <subfield code="9">123623</subfield>
  </datafield>
  <datafield tag="650" ind1=" " ind2=" ">
    <subfield code="a">Bengali Fiction </subfield>
    <subfield code="9">123624</subfield>
  </datafield>
  <datafield tag="830" ind1=" " ind2=" ">
    <subfield code="a">&#x9A6;&#x9B8;&#x9CD;&#x9AF;&#x9C1; &#x9AC;&#x9BE;&#x9B9; &#x9B0;&#x9BE;&#x9AE; ;</subfield>
    <subfield code="v">&#x9B8;&#x9BF;&#x9B0;&#x9BF;&#x99C;-&#x9E7;&#x9E6; &#x9A8;&#x982;</subfield>
    <subfield code="9">123625</subfield>
  </datafield>
  <datafield tag="942" ind1=" " ind2=" ">
    <subfield code="2">ddc</subfield>
    <subfield code="c">BK</subfield>
  </datafield>
  <datafield tag="999" ind1=" " ind2=" ">
    <subfield code="c">40152</subfield>
    <subfield code="d">40152</subfield>
  </datafield>
  <datafield tag="952" ind1=" " ind2=" ">
    <subfield code="0">0</subfield>
    <subfield code="1">0</subfield>
    <subfield code="2">ddc</subfield>
    <subfield code="4">0</subfield>
    <subfield code="7">0</subfield>
    <subfield code="8">FIC</subfield>
    <subfield code="a">RUCL</subfield>
    <subfield code="b">RUCL</subfield>
    <subfield code="c">Stack</subfield>
    <subfield code="d">1968-07-28</subfield>
    <subfield code="e">Nowrage Kitab Bistan</subfield>
    <subfield code="g">1.50</subfield>
    <subfield code="l">0</subfield>
    <subfield code="o">B 891.443 KAJ 1964</subfield>
    <subfield code="r">2016-04-23 00:00:00</subfield>
    <subfield code="t">C-2</subfield>
    <subfield code="w">2016-04-23</subfield>
    <subfield code="y">BK</subfield>
  </datafield>
</record>
